000 00703nam a22001937a 4500
999 _c164166
_d164166
005 20190513132443.0
010 _aUR-10101
020 _c300.00
_a9789386624482
035 _aU-8656
037 _bDBAD/PUB
082 _a39402
100 _aمحمد ر ضی ا لد ين معظم
245 _aعيد ين ا و ر تہو ا ر
_cمحمد ر ضی ا لد ين معظم
246 _b‏Eidein Aur Tehwar(Urdu)
_aby Mohd. Raziuddin Moazzam
260 _a Delhi
_bEducational Publishing House
_c2017 ء
270 _a3191،Vakil Street,Kucha Pandit,Lal Kuan,
_bDelhi
_e110006
_k23216162
_l00911123211540
300 _a304ص
_c22 Cm.(bk)
942 _2ddc
_cUR
_h394.2
_mم ح م